| 000 | 01418nam0a2200349 4500 | ||
|---|---|---|---|
| 001 | RU\NLR\b_ik\163223 | ||
| 005 | 20260406084121.0 | ||
| 010 |
_a978-5-288-04317-8 _9100 |
||
| 035 | _a(NLR Aleph) 002236056 | ||
| 090 |
_a3493330 _c3493330 |
||
| 100 | _a20071107d2007 |||y0rusy50 ca | ||
| 101 | 0 |
_ager _arus |
|
| 102 | _aRU | ||
| 105 | _ay ||||||||| | ||
| 181 | 0 |
_ai _baxxe |
|
| 182 | 0 | _an | |
| 200 | 1 |
_a"Rosa Riedl, Schutzgespenst" _eучебное пособие по чтению на немецком языке _fChristine Nöstlinger _gадапт. и метод. обраб. Л.Н. Неборской _gС.-Петерб. гос. ун-т, Фак. междунар. отношений |
|
| 203 |
_aТекст _bвизуальный _cнепосредственный |
||
| 210 |
_aСанкт-Петербург _cИзд-во СПбГУ _d2007 |
||
| 215 |
_a120 с. _d20 |
||
| 541 | 0 |
_aРоза Ридл, ангел-хранитель _zrus |
|
| 606 | 1 |
_aНемецкий язык _jХрестоматии _91063964 _3RU\NLR\AUTH\66413315 |
|
| 686 | 3 | _aШ143.24-93рус221[9/11]хрест | |
| 686 | 1 | _aШ143.24-93рус31хрест | |
| 700 | 1 |
_4070 _7ba _8ger _aNöstlinger _bC. _f1936-2018 _gChristine _3RU\NLR\AUTH\770278765 _92650732 |
|
| 702 | 1 |
_aNeborskaja _bL. N. _4570 |
|
| 801 | 0 |
_aRU _bNLR _c20071107 _gRCR |
|
| 942 | _cBOOK | ||
| 980 | _aNB | ||